000 00483nam a2200181Ia 4500
005 20250423095022.0
008 250422s9999 xx 000 0 und d
020 _a9788070620
050 _aTP 363 .K89/
100 _aKuye, Ayoade [et al..]
245 0 _aDesign of spray dryers
260 _aAbuja
260 _bRaw Materials Research and Development Council
260 _c2009
300 _a70 p
650 _a Spray drying. Machine design--Nigeria.
942 _cBK
999 _c28990
_d28990